Statystyki dla Największe miasta w Brytyjskiej Wspólnocie Narodów

Kliknij tutaj aby rozwiązać quiz!

Ogólne statystyki

  • Ten quiz został rozwiązany 4 721 razy
    (1 563 od ostatniego zresetowania)
  • Średni wynik to 9 z 28

Statystyki odpowiedzi

LudnośćAglomeracja% Poprawnych
14,8 mlnLondyn
99%
5,40 mlnSydney
68%
31,3 mlnDelhi
57%
7,65 mlnToronto
53%
25,6 mlnMumbaj
48%
5,05 mlnMelbourne
45%
17,0 mlnKolkata
44%
14,2 mlnJohannesburg
41%
4,30 mlnKapsztad
39%
20,1 mlnLagos
35%
4,33 mlnMontreal
34%
20,3 mlnDhaka
33%
6,10 mlnNairobi
31%
18,2 mlnKaraczi
29%
7,90 mlnSingapur
27%
9,15 mlnKuala Lumpur
24%
6,45 mlnDar es Salaam
21%
5,20 mlnAkra
20%
11,6 mlnĆennaj
20%
4,83 mlnKolombo
15%
13,5 mlnLahaur
15%
12,7 mlnBengaluru
14%
8,75 mlnAhmadabad
13%
10,4 mlnHajdarabad
13%
4,85 mlnKano
12%
5,00 mlnĆottogram
9%
7,10 mlnPune
9%
6,90 mlnSurat
8%

Rozkład punktacji

Percentyl według liczby udzielonych odpowiedzi

Procent ludzi z każdym wynikiem

Twoja historia wyników

Nie rozwiązałeś tego quizu od ostatniego zresetowania